000 01789nam0a22002771 4500
001 rc\3752411
005 20250610071151.0
021 _aRU
_b[72-78028]
035 _a(NLR Aleph) 007790899
090 _a7651837
_c7651837
100 _a20130115d1972 |||y0rusy50 ca
101 0 _arus
102 _aRU
105 _aa z |||a|
200 1 _aПлот, пять бревнышек...
_eРассказы
_f[Ил.: Б. Гуревич
210 _aМосква]
_cМол. гвардия
_d1972
215 _a255 с.
_cил.
_d21
327 1 _aСодерж.: Там, за морем, деревня...; Один из рассказов про Кожахметова; И еще два дня; Плот, пять бревнышек...; Пропащий день; Девочка с семечками; Джунгарские ворота; Пустяшное дело; "Нелепо..."; Следователь по не важным делам; "Для вас, женщины!.."; Сын Бурнашова; Бабий батальон
464 0 _12001#$aТам, за морем, деревня...$aОдин из рассказов про Кожахметова$aИ еще два дня$aПлот, пять бревнышек...$aПропащий день$aДевочка с семечками$aДжунгарские ворота$aПустяшное дело$a"Нелепо..."$aСледователь по не важным делам$a"Для вас, женщины!.."$aСын Бурнашова$aБабий батальон
_tБабий батальон
700 1 _aСтрелкова
_bИ.И.
_f1924-
_gИрина Ивановна
702 1 _aГуревич
_bБ.
_4440
801 0 _aRU
_bNLR
_gpsbo
801 1 _aRU
_bELAR
_2rusmarc
852 _aNLR
_j72-3/9416
942 _cBOOK
980 _aNB